書劍恩仇錄

資料類型: Book 圖書   書目號:44944

Leader xxxxxxxxxx
001 __ PCLIS00044944
005 __ 20210616112017.0
010 0_ |a957-32-2906-4|b套 : 平裝|dNT$500
010 0_ |a957-32-2907-2|b第一冊 : 平裝|dNT$250
010 0_ |a957-32-2908-0|b第二冊 : 平裝|dNT$250
100 __ |a20121119d19961956m  y0chiy09      e
101 0_ |achi
102 __ |atw
105 __ |aaf  z   000ay
200 1_ |a書劍恩仇錄|dBook and sword, gratitude and revenge|zeng|f金庸著
205 __ |a三版
210 __ |a臺北市|c遠流|d1996[民85]
215 0_ |a2冊(870面, 圖版[32]面)|c部分彩圖|d21公分
225 2_ |a金庸作品集|v1-2
300 __ |a著者原名查良鏞
410 _1 |12001 |a金庸作品集|v1-2
510 1_ |aBook and sword, gratitude and revenge|zeng
606 __ |2cst|a武俠小說
681 __ |a857.9|b864
700 _0 |a金庸|4801 _0 |atw|b內湖高中|c20121119|gCCR
  
詳細館藏 1-3 筆 (共 3 筆)
索 書 號登 錄 號冊次號館別 / 館藏地流通類型狀態加入預約清單電子資源
857.9 / 864 1020023 v.1 圖書館 / 一樓普通區 可外借30天 在館   
857.9 / 864 1020024 v.2 圖書館 / 一樓普通區 可外借30天 在館   
857.9 / 864 2009155 v.1 圖書館 / 一樓普通區 可外借30天 在館   

| 條列資料




目錄查詢 分類查詢 個人資料 圖書薦購 新書查詢 閉館日 排行榜 更多電子資源 Hami書城 線上資料庫 登出

From : 216.73.216.116

  本日流通累計至 16:33:13 借閱 : 6 次 續借 : 0 次 歸還 : 8 次 預約 : 0 次 電子資源 : 0 次


內湖高中圖書館  PCLIS 版本  25.5.0.2